Zmeny v sociálnej oblasti účinné od 1.8. 2000

Stručný prehľad noviel v sociálnej oblasti v nadväznosti na novelu zákona o konkurze a vyrovnaní. Zvýšenie dôchodkov. Zákonník práce. Zákon o Sociálnej poisťovni. Oblasť zdravotného poistenia. Zákon o zamestnanosti.

Salvato in:
Dettagli Bibliografici
Autore principale: Macková, Zuzana
Natura: Capitolo di libro
Lingua:slovacco
Soggetti:
Tags: Aggiungi Tag
Nessun Tag, puoi essere il primo ad aggiungerne!!

MARC

LEADER 00000naa a2200000 4500
001 r039441
005 20230919115302.6
041 0 |a slo 
044 |a SK 
245 1 0 |a Zmeny v sociálnej oblasti účinné od 1.8. 2000  |c Zuzana Macková 
520 |a Stručný prehľad noviel v sociálnej oblasti v nadväznosti na novelu zákona o konkurze a vyrovnaní. Zvýšenie dôchodkov. Zákonník práce. Zákon o Sociálnej poisťovni. Oblasť zdravotného poistenia. Zákon o zamestnanosti. 
610 2 0 |a konkurzy 
610 2 0 |a vyrovnanie 
610 2 0 |a starostlivosť sociálna 
610 2 0 |a dôchodky 
610 2 0 |a zákonník práce 
610 2 0 |a poisťovne sociálne 
610 2 0 |a poisťovne zdravotné 
610 2 0 |a zamestnanosť 
100 1 |a Macková, Zuzana